000
00274nam a2200121Ia 4500
100
_a
Stultz/Russell A
942
_c
BK
654
_a
D Base III Book
245
_a
Illustrated D Base III Book
260
_b
Galgotia Pub.
_a
NewDelhi
_c
1987
300
_a
320
546
_a
ENGLISH
999
_c
24975
_d
24975